Procesné riadenie nákupu vo výrobnom podniku Dongil Rubber Belt Slovakia diplomová práca

Guardado en:
Detalles Bibliográficos
Autor principal: Ragulová, Zuzana
Autor Corporativo: Obchodná fakulta EU. Katedra marketingu
Otros Autores: Oreský, Milan, 1956-
Formato: Libro
Lenguaje:eslovaco
Publicado: Bratislava 2010
Etiquetas: Agregar Etiqueta
Sin Etiquetas, Sea el primero en etiquetar este registro!

MARC

LEADER 00000nam$a2200000$$$4500
001 0121889
005 20240318123252.2
041 0 |a slo 
044 |a SK 
245 1 0 |a Procesné riadenie nákupu vo výrobnom podniku Dongil Rubber Belt Slovakia  |b diplomová práca  |c Zuzana Ragulová ; škol. Milan Oreský 
264 1 |a Bratislava  |c 2010 
300 |a 72 s. 
100 1 |a Ragulová, Zuzana 
700 1 |a Oreský, Milan, 1956- 
710 2 |a Obchodná fakulta EU. Katedra marketingu